000 01356nam a2200361 c 4500
003 BLK
005 20250110135418.0
008 180409b bul|||||r ||||||| ||bul||
010 _aKNG00103327000
020 _a954-585-373-5
_bиздат.: Бард
040 _aBLK
041 _aBUL
_cBUL
080 _aАмериканска литература (на САЩ)
_b821.111(73)
_x-054.7(=931)-31
_z821.111(73)-054.7(=931)-31
100 1 _aХашуги, Сухайр
_eпърви автор
_9136582
700 1 _aБожанова, Ивайла Русева
_eпрев.
_9365268
700 1 _aКашоги, Сохер
_e*
_977900
139 _aХашуги, Сухайр
_bХ 34
245 1 0 _aЕгиптянката
_cСухайр Хашуги; прев. Ивайла Русева Божанова; * Сохер Кашоги.
257 _aUSA
260 София
_bБард
_c2002
300 _a352 с.
_c20 см
380 _aX
490 1 _aСъвременни романи
490 1 _3Подсерия
_aГалерия Бард
500 _aОриг. загл. Nadia's Song / Soheir Khashoggi. - Офс. изд.
653 _aромани
852 _aЦб 212648
856 4 _qpdf
_u
856 4 _qpdf
_u
942 _cKNG
_n0
_09
944 _aCR
_c01.01.2002
_k30576
_lЦветомила Тодорова
944 _aED
_c29.12.2006
_k
999 _c98385
_d98385